[Event "Europa ch 2012 femenino"]
[Site "Gaziantep TUR"]
[Date "2012.03.07"]
[Round "6.46"]
[White "Guramishvili, Sopiko"]
[Black "Sandu, Mihaela"]
[Result "1-0"]
[WhiteElo "2395"]
[BlackElo "2253"]
[PlyCount "97"]
[EventDate "2012.03.02"]
[EventType "swiss"]
[EventRounds "11"]
[EventCountry "TUR"]
[Source "lmi"]
[SourceDate "2012.03.02"]

1. Nf3 Nf6 2. c4 g6 3. b4 Bg7 4. Bb2 O-O 5. e3 d6 6. d4 c5 7. a3 cxd4 8. exd4
e5 9. dxe5 dxe5 10. Qxd8 Rxd8 11. Bxe5 Re8 12. Be2 Rxe5 13. Nxe5 Nh5 14. Bxh5
Bxe5 15. Ra2 gxh5 16. Re2 Nd7 17. O-O a5 18. Rd1 axb4 19. axb4 Ra1 20. f4 Bd4+
21. Rxd4 Rxb1+ 22. Kf2 Kf8 23. c5 f5 24. Rd5 Kf7 25. Rd4 Kf8 26. Rd5 Kf7 27.
Rd4 Nf6 28. Kg3 Bd7 29. Kh4 h6 30. Red2 Bc6 31. Rd1 Rxd1 32. Rxd1 Bxg2 33. b5
Ke7 34. Rc1 Be4 35. Rg1 Kf7 36. Ra1 Nd7 37. Rc1 Ke7 38. c6 bxc6 39. bxc6 Nb6
40. Kxh5 Kd8 41. c7+ Kc8 42. Kxh6 Nd5 43. Kg5 Nxc7 44. h4 Kd7 45. Rxc7+ Kxc7
46. h5 Bd5 47. h6 Bg8 48. Kg6 Kd7 49. Kg7 1-0

[Event "Europa ch 2012 femenino"]
[Site "Gaziantep TUR"]
[Date "2012.03.07"]
[Round "6.47"]
[White "Mikadze, Miranda"]
[Black "Kosintseva, Nadezhda"]
[Result "0-1"]
[WhiteElo "2329"]
[BlackElo "2535"]
[PlyCount "94"]
[EventDate "2012.03.02"]
[EventType "swiss"]
[EventRounds "11"]
[EventCountry "TUR"]
[Source "lmi"]
[SourceDate "2012.03.02"]

1. e4 e5 2. Nf3 Nc6 3. Bb5 a6 4. Ba4 Nf6 5. d3 d6 6. c3 b5 7. Bc2 g6 8. O-O Bg7
9. a4 Bb7 10. Na3 O-O 11. Bd2 Na7 12. Re1 c5 13. Qc1 Qd7 14. h3 Nc8 15. Bh6 Nb6
16. a5 Nc8 17. Nh4 Ne7 18. Qg5 Bxh6 19. Qxh6 Kh8 20. Nf3 Nfg8 21. Qg5 Nc6 22.
d4 Qc7 23. d5 Nxa5 24. b4 cxb4 25. cxb4 Nc4 26. Bd3 Nxa3 27. Rxa3 Rac8 28. Nd2
f6 29. Qe3 f5 30. f3 Nf6 31. Rea1 Rf7 32. Nb3 Rcf8 33. Na5 Bc8 34. Rc1 Qd8 35.
Rac3 Bd7 36. Be2 Nh5 37. exf5 gxf5 38. Nc6 Qf6 39. Bf1 Rg7 40. Qf2 Nf4 41. g3
Rfg8 42. Kh2 Rxg3 43. Qxg3 Rxg3 44. Kxg3 Nxd5 45. R3c2 Ne3 46. Rc3 Nxf1+ 47.
Rxf1 Qg5+ 0-1

[Event "Europa ch 2012 femenino"]
[Site "Gaziantep TUR"]
[Date "2012.03.07"]
[Round "6.50"]
[White "Manakova, Maria"]
[Black "Kovanova, Baira"]
[Result "0-1"]
[WhiteElo "2315"]
[BlackElo "2392"]
[PlyCount "114"]
[EventDate "2012.03.02"]
[EventType "swiss"]
[EventRounds "11"]
[EventCountry "TUR"]
[Source "lmi"]
[SourceDate "2012.03.02"]

1. d4 Nf6 2. c4 e6 3. Nf3 Bb4+ 4. Nbd2 b6 5. a3 Bxd2+ 6. Bxd2 Bb7 7. e3 O-O 8.
Bd3 Ne4 9. O-O d6 10. Qc2 f5 11. Rac1 Nd7 12. d5 Ndc5 13. b4 Nxd3 14. Qxd3 Qe7
15. Bc3 e5 16. Bb2 c6 17. dxc6 Bxc6 18. Nd2 Nxd2 19. Qxd2 Rf6 20. f3 Rh6 21. c5
bxc5 22. bxc5 d5 23. f4 Qh4 24. g3 Rg6 25. Qg2 Qh6 26. Qf2 d4 27. exd4 exd4 28.
Bxd4 Qh3 29. Rc3 Re8 30. Be5 h5 31. Rd1 Qg4 32. Rd6 Rxd6 33. cxd6 Rxe5 34. Qa2+
Kh7 35. fxe5 Qd4+ 36. Qf2 Qd1+ 37. Qf1 Qd4+ 38. Qf2 Qxc3 39. Qxf5+ Kh6 40. Qf4+
Kg6 41. Kf2 Qc2+ 42. Ke1 Bd7 43. h4 Bg4 44. Qe3 a5 45. Kf1 Qf5+ 46. Ke1 a4 47.
Kd2 Kf7 48. Qa7+ Qd7 49. Qc5 Ke6 50. Kc3 Qb7 51. Qc4+ Kxe5 52. Qf4+ Ke6 53.
Qxa4 Qf3+ 54. Kb2 Qf2+ 55. Kc1 Qe1+ 56. Kb2 Qd2+ 57. Ka1 Qd1+ 0-1

[Event "Europa ch 2012 femenino"]
[Site "Gaziantep TUR"]
[Date "2012.03.07"]
[Round "6.51"]
[White "Dzagnidze, Nana"]
[Black "Mamedjarova, Zeinab"]
[Result "1-0"]
[WhiteElo "2559"]
[BlackElo "2321"]
[PlyCount "39"]
[EventDate "2012.03.02"]
[EventType "swiss"]
[EventRounds "11"]
[EventCountry "TUR"]
[Source "lmi"]
[SourceDate "2012.03.02"]

1. d4 Nf6 2. c4 e6 3. Nc3 Be7 4. e4 d6 5. Nf3 O-O 6. Be2 d5 7. e5 Ne4 8. O-O
Nxc3 9. bxc3 dxc4 10. Bxc4 Nd7 11. a4 a5 12. Qe2 c5 13. d5 exd5 14. Bxd5 Nb6
15. Be4 Be6 16. Rd1 Qc8 17. Bg5 Re8 18. Rab1 Ra6 19. Bxe7 Rxe7 20. Bxb7 1-0

[Event "Europa ch 2012 femenino"]
[Site "Gaziantep TUR"]
[Date "2012.03.09"]
[Round "7.1"]
[White "Gunina, Valentina"]
[Black "Hoang Thanh Trang"]
[Result "1-0"]
[WhiteElo "2511"]
[BlackElo "2438"]
[PlyCount "79"]
[EventDate "2012.03.02"]
[EventType "swiss"]
[EventRounds "11"]
[EventCountry "TUR"]
[Source "lmi"]
[SourceDate "2012.03.02"]

1. d4 e6 2. c4 f5 3. Nf3 Nf6 4. g3 c6 5. Bg2 d5 6. O-O Bd6 7. b3 Qe7 8. Bb2 O-O
9. Ne5 b6 10. a4 a5 11. cxd5 exd5 12. Ba3 Bxa3 13. Nxa3 Bb7 14. Qc2 g6 15. e3
Rc8 16. Qb2 Na6 17. Rac1 c5 18. Nb5 Nb4 19. Rfd1 Ba6 20. dxc5 bxc5 21. Nd3 Nxd3
22. Rxd3 Rab8 23. Rxd5 Bxb5 24. axb5 Rxb5 25. Re5 Qg7 26. Qe2 Ng4 27. Rxf5 gxf5
28. Qxb5 Qb2 29. Rf1 Qd2 30. Bb7 Rc7 31. Bd5+ Kg7 32. Qb8 Qxd5 33. Qxc7+ Kg6
34. Qf4 Qxb3 35. e4 Nf6 36. Qxf5+ Kg7 37. e5 Nd5 38. e6 Nc3 39. Qe5+ Kh6 40. e7
1-0

[Event "Europa ch 2012 femenino"]
[Site "Gaziantep TUR"]
[Date "2012.03.09"]
[Round "7.2"]
[White "Foisor, Cristina-Adela"]
[Black "Cmilyte, Viktorija"]
[Result "1-0"]
[WhiteElo "2398"]
[BlackElo "2497"]
[PlyCount "185"]
[EventDate "2012.03.02"]
[EventType "swiss"]
[EventRounds "11"]
[EventCountry "TUR"]
[Source "lmi"]
[SourceDate "2012.03.02"]

1. c4 g6 2. g3 f5 3. d4 Nf6 4. Bg2 Bg7 5. Nc3 d6 6. d5 O-O 7. Nh3 Na6 8. O-O
Nc5 9. Rb1 a5 10. b3 e5 11. dxe6 c6 12. Bb2 Qe7 13. Nf4 Bxe6 14. Nxe6 Qxe6 15.
e3 Ng4 16. Qc2 Ne5 17. Rbd1 Rad8 18. Rfe1 Ng4 19. Re2 Qf7 20. Red2 Qe7 21. Re2
Qf7 22. h3 Nf6 23. Ba3 Qe6 24. Red2 Qe5 25. Rd4 Rd7 26. Bxc5 Qxc5 27. Na4 Qe5
28. Nc3 Rfd8 29. R4d3 Qe7 30. R3d2 Qe5 31. Rd3 Qe7 32. R3d2 Re8 33. Qc1 Qe5 34.
Rd3 Bf8 35. Qc2 h5 36. Rd4 Rh7 37. Ne2 Rg7 38. Kf1 g5 39. h4 c5 40. Rd5 Nxd5
41. Rxd5 Qa1+ 42. Rd1 Qf6 43. hxg5 Qxg5 44. Nf4 Kh8 45. Rd5 Re5 46. Rxe5 dxe5
47. Ne6 Qf6 48. Nxg7 Kxg7 49. Bxb7 f4 50. Kg2 fxe3 51. fxe3 h4 52. gxh4 Qxh4
53. Qf5 Qf6 54. e4 Qxf5 55. exf5 Kf6 56. Be4 Bg7 57. Kf3 Ke7 58. Bc2 Bf6 59.
Kg4 Kf7 60. Be4 Ke7 61. Bd5 Kf8 62. a3 Ke7 63. Be4 Kf7 64. Bc2 Ke7 65. Kh5 Kf7
66. Be4 Be7 67. Bd5+ Kf6 68. Kg4 Bf8 69. Be6 Bg7 70. Bc8 Ke7 71. a4 Bf6 72. Bb7
Kd6 73. Be4 Ke7 74. Bc2 Kf7 75. Kf3 Ke7 76. Kg4 Kf7 77. b4 cxb4 78. c5 Be7 79.
c6 Bd6 80. Kf3 Kf6 81. Ke4 Bc7 82. Kd5 b3 83. Bb1 Ke7 84. Kc5 Bd8 85. f6+ Kxf6
86. Kd6 b2 87. c7 Bxc7+ 88. Kxc7 Kg5 89. Kd6 Kf4 90. Kd5 Ke3 91. Kxe5 Kd2 92.
Kd4 Kc1 93. Bh7 1-0

[Event "Europa ch 2012 femenino"]
[Site "Gaziantep TUR"]
[Date "2012.03.09"]
[Round "7.5"]
[White "Kosintseva, Tatiana"]
[Black "Paikidze, Nazi"]
[Result "1/2-1/2"]
[WhiteElo "2513"]
[BlackElo "2406"]
[PlyCount "90"]
[EventDate "2012.03.02"]
[EventType "swiss"]
[EventRounds "11"]
[EventCountry "TUR"]
[Source "lmi"]
[SourceDate "2012.03.02"]

1. e4 c5 2. Nf3 d6 3. d4 cxd4 4. Nxd4 Nf6 5. Nc3 a6 6. Bg5 e6 7. f4 Qb6 8. Qd2
Qxb2 9. Rb1 Qa3 10. e5 h6 11. Bh4 dxe5 12. fxe5 Nfd7 13. Ne4 Qxa2 14. Rd1 Qd5
15. Qe3 Qxe5 16. Be2 Bc5 17. Bg3 Bxd4 18. Rxd4 Qa5+ 19. Rd2 O-O 20. Bd6 f5 21.
Bxf8 Nxf8 22. Nd6 Nbd7 23. g4 fxg4 24. Bxg4 Qa1+ 25. Rd1 Qa5+ 26. c3 Qe5 27.
Qxe5 Nxe5 28. Bh3 b5 29. O-O Bd7 30. Bg2 Rb8 31. Rfe1 Nfg6 32. c4 bxc4 33. Nxc4
Nxc4 34. Rxd7 Rb2 35. Rc1 Nf4 36. Rxc4 Rxg2+ 37. Kf1 Rg4 38. h3 Rh4 39. Re7 Ng6
40. Rxh4 Nxe7 41. Ra4 Kf7 42. Kf2 Kf6 43. Kf3 h5 44. Ke4 g5 45. Rxa6 Nf5
1/2-1/2

[Event "Europa ch 2012 femenino"]
[Site "Gaziantep TUR"]
[Date "2012.03.09"]
[Round "7.7"]
[White "Danielian, Elina"]
[Black "Guramishvili, Sopiko"]
[Result "1-0"]
[WhiteElo "2478"]
[BlackElo "2395"]
[PlyCount "185"]
[EventDate "2012.03.02"]
[EventType "swiss"]
[EventRounds "11"]
[EventCountry "TUR"]
[Source "lmi"]
[SourceDate "2012.03.02"]

1. d4 d5 2. c4 c6 3. e3 Bf5 4. cxd5 cxd5 5. Qb3 Qc8 6. Bb5+ Bd7 7. Nc3 e6 8.
Bd3 Nc6 9. Nf3 Nf6 10. O-O Bd6 11. e4 dxe4 12. Nxe4 Nxe4 13. Bxe4 O-O 14. d5
exd5 15. Qxd5 Be7 16. Qh5 h6 17. h3 f5 18. Bd5+ Kh7 19. Bg5 Qd8 20. Bxe7 Qxe7
21. Rfe1 Qf6 22. Qh4 Qxh4 23. Nxh4 Rae8 24. Rxe8 Rxe8 25. Bf7 Rf8 26. Bg6+ Kg8
27. Rd1 Bc8 28. f4 Rf6 29. g3 Be6 30. a3 Kf8 31. b4 a6 32. Kf2 Ke7 33. Bh5 Bf7
34. Bxf7 Rxf7 35. Ng6+ Ke8 36. Rd5 Rf6 37. Nh4 g6 38. Nf3 Ne7 39. Rc5 Nc6 40.
b5 axb5 41. Rxb5 Nd8 42. Ne5 Ra6 43. Rb3 Rd6 44. h4 Ke7 45. Ke3 Kf6 46. Rd3
Rxd3+ 47. Kxd3 g5 48. hxg5+ hxg5 49. Kc4 gxf4 50. gxf4 Ne6 51. Nd3 Nc7 52. Kc5
Ke6 53. Kb6 Ne8 54. Nc5+ Kd5 55. Nxb7 Kc4 56. a4 Nf6 57. a5 Nd5+ 58. Kc6 Nb4+
59. Kb6 Nd5+ 60. Ka7 Nxf4 61. a6 Nd5 62. Kb8 f4 63. a7 Nb6 64. Nd6+ Kc5 65. Kb7
f3 66. Ne4+ Kb5 67. Nc3+ Ka5 68. Nd5 f2 69. Nxb6 f1=Q 70. a8=Q+ Kb4 71. Qa4+
Kc5 72. Qc6+ Kd4 73. Qd5+ Ke3 74. Nc4+ Kf2 75. Qd4+ Kg3 76. Qg7+ Kh2 77. Qe5+
Kg1 78. Qd4+ Kh2 79. Ne3 Qf7+ 80. Kc6 Qg6+ 81. Kc5 Qh5+ 82. Kc4 Qe2+ 83. Kc3
Qe1+ 84. Kd3 Qb1+ 85. Ke2 Qa2+ 86. Ke1 Qa5+ 87. Kf1 Qa6+ 88. Nc4 Kg3 89. Ke1
Qa2 90. Qe5+ Kh4 91. Ne3 Qa8 92. Qf4+ Kh5 93. Qg4+ 1-0

[Event "Europa ch 2012 femenino"]
[Site "Gaziantep TUR"]
[Date "2012.03.09"]
[Round "7.9"]
[White "Girya, Olga"]
[Black "Pogonina, Natalija"]
[Result "1/2-1/2"]
[WhiteElo "2406"]
[BlackElo "2449"]
[PlyCount "65"]
[EventDate "2012.03.02"]
[EventType "swiss"]
[EventRounds "11"]
[EventCountry "TUR"]
[Source "lmi"]
[SourceDate "2012.03.02"]

1. d4 Nf6 2. c4 e6 3. Nf3 d5 4. Nc3 Be7 5. Bg5 O-O 6. e3 Nbd7 7. Bd3 dxc4 8.
Bxc4 a6 9. a4 c5 10. O-O cxd4 11. exd4 Nb6 12. Bb3 Nbd5 13. Re1 Rb8 14. Ne5 Nb4
15. Qf3 Nfd5 16. Bd2 Bg5 17. Bxg5 Qxg5 18. Nxd5 exd5 19. Bxd5 Nxd5 20. Qxd5 Be6
21. Qf3 Rfd8 22. Qe3 Qe7 23. Red1 Rbc8 24. Rd2 Qb4 25. h3 a5 26. Kh2 Rd6 27.
Qf4 Rcd8 28. Nf3 Bd5 29. Ne5 Be6 30. Nf3 Bd5 31. Ne5 Be6 32. Nf3 Bd5 33. Ne5
1/2-1/2

[Event "Europa ch 2012 femenino"]
[Site "Gaziantep TUR"]
[Date "2012.03.09"]
[Round "7.10"]
[White "Melia, Salome"]
[Black "Javakhishvili, Lela"]
[Result "1/2-1/2"]
[WhiteElo "2400"]
[BlackElo "2448"]
[PlyCount "81"]
[EventDate "2012.03.02"]
[EventType "swiss"]
[EventRounds "11"]
[EventCountry "TUR"]
[Source "lmi"]
[SourceDate "2012.03.02"]

1. e4 c5 2. Nf3 e6 3. c3 Nf6 4. e5 Nd5 5. d4 cxd4 6. cxd4 d6 7. a3 Bd7 8. Bd3
Bc6 9. O-O Nd7 10. Re1 Rc8 11. Ng5 Be7 12. Qh5 g6 13. Qh6 Bf8 14. Qh3 dxe5 15.
dxe5 Bg7 16. Nf3 Ne7 17. Bg5 h6 18. Bxe7 Qxe7 19. Nbd2 O-O 20. Qg3 Nc5 21. Bf1
Bd5 22. Qf4 Nb3 23. Nxb3 Bxb3 24. Rac1 Bd5 25. Be2 Rc7 26. Qe3 a6 27. Rxc7 Qxc7
28. Rc1 Qb8 29. b4 Rc8 30. h4 Rxc1+ 31. Qxc1 h5 32. Qe3 Qc7 33. g3 Qc2 34. Kh2
Qb2 35. Nd4 Bh6 36. Qxh6 Qxd4 37. Qe3 Qb2 38. Bf3 Qa2 39. Bxd5 Qxd5 40. Kg1 Kg7
41. Kh2 1/2-1/2

[Event "Europa ch 2012 femenino"]
[Site "Gaziantep TUR"]
[Date "2012.03.09"]
[Round "7.11"]
[White "Goryachkina, Aleksandra"]
[Black "Zhukova, Natalia"]
[Result "1/2-1/2"]
[WhiteElo "2341"]
[BlackElo "2435"]
[PlyCount "80"]
[EventDate "2012.03.02"]
[EventType "swiss"]
[EventRounds "11"]
[EventCountry "TUR"]
[Source "lmi"]
[SourceDate "2012.03.02"]

1. d4 d5 2. c4 e6 3. Nf3 c5 4. cxd5 exd5 5. g3 Nc6 6. Bg2 Nf6 7. O-O Be7 8. Nc3
O-O 9. dxc5 Bxc5 10. Na4 Be7 11. Be3 Re8 12. Rc1 Bg4 13. Bc5 Rc8 14. Re1 Bxc5
15. Nxc5 Qb6 16. Na4 Qa5 17. Nc3 Bxf3 18. Bxf3 Red8 19. a3 Ne5 20. Bg2 Nc4 21.
Qb3 d4 22. Ne4 Nxe4 23. Bxe4 Nd2 24. Bxh7+ Kxh7 25. Qd3+ Kg8 26. b4 Rxc1 27.
Rxc1 Qa4 28. Qxd2 Qxa3 29. Rc7 Qb3 30. Qg5 Re8 31. Qf5 g6 32. Qf4 Qd5 33. Rc5
Qe4 34. Qxe4 Rxe4 35. Rd5 Rxe2 36. Rxd4 Re1+ 37. Kg2 Rb1 38. h4 Kg7 39. Rf4 Rb3
40. Kf1 Rb2 1/2-1/2

[Event "Europa ch 2012 femenino"]
[Site "Gaziantep TUR"]
[Date "2012.03.09"]
[Round "7.12"]
[White "Romanko, Marina"]
[Black "Schleining, Zoya"]
[Result "1/2-1/2"]
[WhiteElo "2417"]
[BlackElo "2326"]
[PlyCount "105"]
[EventDate "2012.03.02"]
[EventType "swiss"]
[EventRounds "11"]
[EventCountry "TUR"]
[Source "lmi"]
[SourceDate "2012.03.02"]

1. d4 Nf6 2. c4 g6 3. Nf3 Bg7 4. g3 O-O 5. Bg2 c5 6. d5 e6 7. Nc3 exd5 8. cxd5
d6 9. O-O Nbd7 10. h3 a6 11. a4 Rb8 12. Rb1 Re8 13. Nd2 Qc7 14. Kh2 b5 15. axb5
axb5 16. b4 Ng4+ 17. hxg4 Bxc3 18. Ne4 Bg7 19. g5 c4 20. Bb2 Ne5 21. Nf6+ Bxf6
22. gxf6 Qd7 23. e4 Qg4 24. Qxg4 Bxg4 25. f3 Bd7 26. Ra1 Nd3 27. Bc3 Ra8 28.
Rfb1 g5 29. Bf1 g4 30. Kg2 gxf3+ 31. Kxf3 h5 32. Ke3 Bg4 33. Rxa8 Rxa8 34. Bxd3
cxd3 35. Kxd3 Kh7 36. Rc1 Kg6 37. e5 dxe5 38. Bxe5 Ra4 39. Bc3 Ra8 40. Re1 Bf5+
41. Ke3 Re8+ 42. Kf4 Rxe1 43. Bxe1 Kxf6 44. Bc3+ Kg6 45. Ke5 f6+ 46. Kd6 Kf7
47. Kc7 Ke8 48. Bxf6 Bd7 49. Bg5 Bg4 50. Kb6 Bd7 51. Kc5 Kf7 52. Kd6 Ke8 53.
Kc7 1/2-1/2

[Event "Europa ch 2012 femenino"]
[Site "Gaziantep TUR"]
[Date "2012.03.09"]
[Round "7.13"]
[White "Gvetadze, Sofio"]
[Black "Hairapetian, Anna"]
[Result "1-0"]
[WhiteElo "2334"]
[BlackElo "2227"]
[PlyCount "81"]
[EventDate "2012.03.02"]
[EventType "swiss"]
[EventRounds "11"]
[EventCountry "TUR"]
[Source "lmi"]
[SourceDate "2012.03.02"]

1. e4 c5 2. Nf3 d6 3. d4 cxd4 4. Nxd4 Nf6 5. f3 g6 6. c4 Bg7 7. Nc3 Nc6 8. Be3
Nb8 9. Bc1 Nc6 10. Be3 O-O 11. Qd2 Bd7 12. Rc1 Rc8 13. Be2 Ne5 14. b3 a6 15.
O-O Re8 16. Nd5 Nxd5 17. cxd5 Rxc1 18. Rxc1 Qb8 19. h3 f6 20. f4 Nf7 21. Ne6
Rc8 22. Bb6 Rxc1+ 23. Qxc1 Qc8 24. Qxc8+ Bxc8 25. Kf2 Bh8 26. Ke3 f5 27. exf5
gxf5 28. Kd3 Bb2 29. a4 Nh8 30. Kc2 Ba1 31. Bd3 Bxe6 32. dxe6 Ng6 33. g3 Kg7
34. Bxf5 Kf6 35. Be4 Kxe6 36. Bxb7 Kf5 37. Bxa6 e5 38. Bc8+ Ke4 39. f5 Ne7 40.
Bb7+ Kxf5 41. a5 1-0

[Event "Europa ch 2012 femenino"]
[Site "Gaziantep TUR"]
[Date "2012.03.09"]
[Round "7.14"]
[White "Kursova, Maria"]
[Black "Umudova, Nargiz"]
[Result "1-0"]
[WhiteElo "2328"]
[BlackElo "2220"]
[PlyCount "125"]
[EventDate "2012.03.02"]
[EventType "swiss"]
[EventRounds "11"]
[EventCountry "TUR"]
[Source "lmi"]
[SourceDate "2012.03.02"]

1. d4 Nf6 2. Nf3 g6 3. c4 Bg7 4. g3 O-O 5. Bg2 d6 6. Nc3 Nc6 7. O-O a6 8. d5
Na5 9. Nd2 c5 10. Rb1 Rb8 11. b3 b5 12. Bb2 Bh6 13. Ba1 Bf5 14. e4 Bg4 15. Qc2
Bxd2 16. Qxd2 bxc4 17. Nd1 cxb3 18. Ne3 Bd7 19. Bc3 Nb7 20. Rxb3 c4 21. Rb4 Nc5
22. Bxf6 exf6 23. Nxc4 Rxb4 24. Qxb4 Bb5 25. Rd1 Bxc4 26. Qxc4 Qe7 27. Rb1 Re8
28. Qd4 a5 29. h4 h5 30. Rb5 Qd8 31. a4 Re5 32. Kh2 Kg7 33. f4 Re8 34. e5 Nd7
35. exd6 Re2 36. Rb7 Qe8 37. Rb2 Rxb2 38. Qxb2 Qf8 39. Qc3 Qxd6 40. Qxa5 Nb6
41. Qb5 g5 42. a5 Nc8 43. Qc4 Ne7 44. hxg5 fxg5 45. Qd4+ f6 46. fxg5 Ng8 47.
Qf4 Qd8 48. a6 fxg5 49. Qe5+ Nf6 50. Qxg5+ Kf7 51. Qf5 Kg7 52. a7 Qa5 53. Kh3
Qxa7 54. Qe5 Qa4 55. Bf3 Kg6 56. d6 Qc4 57. d7 Qf1+ 58. Bg2 Qd3 59. Qe8+ Kg7
60. Qe7+ Kg6 61. d8=Q Qf5+ 62. Kh2 Ng4+ 63. Kg1 1-0

[Event "Europa ch 2012 femenino"]
[Site "Gaziantep TUR"]
[Date "2012.03.09"]
[Round "7.16"]
[White "Mamedjarova, Zeinab"]
[Black "Motycakova, Monika"]
[Result "0-1"]
[WhiteElo "2321"]
[BlackElo "2087"]
[PlyCount "80"]
[EventDate "2012.03.02"]
[EventType "swiss"]
[EventRounds "11"]
[EventCountry "TUR"]
[Source "lmi"]
[SourceDate "2012.03.02"]

1. d4 d5 2. Nf3 Nf6 3. e3 c6 4. Bd3 Bg4 5. Nbd2 Nbd7 6. h3 Bh5 7. b3 e6 8. Bb2
Bd6 9. O-O O-O 10. c4 Qc7 11. c5 Be7 12. Qc2 Bg6 13. Ne1 e5 14. f4 Bxd3 15.
Nxd3 e4 16. Ne5 Ne8 17. f5 f6 18. Ng4 g6 19. Nxe4 h5 20. Nh2 dxe4 21. Qxe4 Ng7
22. fxg6 Rae8 23. Qd3 Qg3 24. Rf3 Qg5 25. Nf1 f5 26. Qc4+ Kh8 27. Rg3 Qh6 28.
Qb4 b5 29. a4 h4 30. Rf3 a6 31. axb5 axb5 32. Ra7 Nf6 33. Qe1 Nd5 34. Kh1 Qxg6
35. e4 fxe4 36. Rxf8+ Rxf8 37. Ne3 Nxe3 38. Qxe3 Rf1+ 39. Kh2 Bg5 40. Rxg7 Qxg7
0-1

[Event "Europa ch 2012 femenino"]
[Site "Gaziantep TUR"]
[Date "2012.03.09"]
[Round "7.17"]
[White "Makropoulou, Marina"]
[Black "Molchanova, Tatjana"]
[Result "0-1"]
[WhiteElo "2224"]
[BlackElo "2346"]
[PlyCount "92"]
[EventDate "2012.03.02"]
[EventType "swiss"]
[EventRounds "11"]
[EventCountry "TUR"]
[Source "lmi"]
[SourceDate "2012.03.02"]

1. e4 e6 2. d4 d5 3. Nc3 h6 4. Bd3 Nc6 5. Nf3 Nb4 6. Bb5+ c6 7. Be2 Nf6 8. e5
Ne4 9. a3 Nxc3 10. bxc3 Na6 11. O-O c5 12. c4 Nc7 13. cxd5 Nxd5 14. Bb5+ Bd7
15. Bxd7+ Qxd7 16. c4 Nb6 17. d5 Nxc4 18. d6 Rc8 19. Rb1 g6 20. Qc2 Nb6 21. Nh4
Bg7 22. f4 O-O 23. Rf3 Nd5 24. Rg3 c4 25. Nf3 c3 26. h4 h5 27. Ng5 b5 28. Ne4
a5 29. Qd3 b4 30. axb4 axb4 31. Kh1 Qa7 32. f5 c2 33. Rb2 exf5 34. Qxd5 fxe4
35. Rxg6 Qf2 36. d7 Qxh4+ 37. Kg1 Qe1+ 38. Kh2 Qxc1 39. dxc8=Q Rxc8 40. Rb3
Qf4+ 41. Rbg3 c1=Q 42. Rxg7+ Kh8 43. Rxf7 Qh4+ 44. Rh3 Qcf4+ 45. Rxf4 Qxf4+ 46.
Rg3 h4 0-1

[Event "Europa ch 2012 femenino"]
[Site "Gaziantep TUR"]
[Date "2012.03.09"]
[Round "7.19"]
[White "Kineva, Ekaterina"]
[Black "Savina, Anastasia"]
[Result "1-0"]
[WhiteElo "2126"]
[BlackElo "2325"]
[PlyCount "80"]
[EventDate "2012.03.02"]
[EventType "swiss"]
[EventRounds "11"]
[EventCountry "TUR"]
[Source "lmi"]
[SourceDate "2012.03.02"]

1. e4 e5 2. Nf3 Nc6 3. Bc4 Bc5 4. d3 Nf6 5. O-O a6 6. a4 d6 7. h3 h6 8. c3 Ba7
9. Re1 O-O 10. Nbd2 Re8 11. Bb3 Be6 12. Nf1 d5 13. exd5 Nxd5 14. Bc2 Qd6 15.
Ng3 f5 16. Nh4 Rf8 17. Nh5 Kh7 18. Qd2 Qe7 19. Nf3 Nf6 20. Ng3 Qd6 21. Nh4 Qd7
22. a5 Rae8 23. Kh1 Nd5 24. Kh2 Qd8 25. Nhxf5 Bxf5 26. Nxf5 Rxf5 27. d4 e4 28.
Rxe4 Ref8 29. Re6 Kg8 30. Bxf5 Rxf5 31. Qe2 Nf6 32. g4 Rd5 33. Bf4 Qd7 34. Re1
Nd8 35. Re7 Qa4 36. Be5 Ne8 37. Qe4 Rxa5 38. b4 Rxe5 39. Qxe5 Nf6 40. Qxc7 Nc6
1-0

[Event "Europa ch 2012 femenino"]
[Site "Gaziantep TUR"]
[Date "2012.03.09"]
[Round "7.20"]
[White "Arig, Busra"]
[Black "Manakova, Maria"]
[Result "0-1"]
[WhiteElo "1839"]
[BlackElo "2315"]
[PlyCount "78"]
[EventDate "2012.03.02"]
[EventType "swiss"]
[EventRounds "11"]
[EventCountry "TUR"]
[Source "lmi"]
[SourceDate "2012.03.02"]

1. d4 d5 2. Nf3 Nf6 3. c4 e6 4. e3 c5 5. Nc3 Nc6 6. Bd3 dxc4 7. Bxc4 cxd4 8.
Nxd4 Nxd4 9. exd4 Bd6 10. Bg5 O-O 11. O-O Bd7 12. d5 Bxh2+ 13. Kxh2 Qc7+ 14. g3
Qxc4 15. Bxf6 gxf6 16. Rh1 f5 17. Kg2 Qg4 18. f3 Qg7 19. Qd2 f6 20. Rh6 Rf7 21.
Rah1 Qf8 22. Qf4 e5 23. Qh4 Qg7 24. Qc4 b5 25. Qb3 Qg5 26. d6 Qd2+ 27. Kf1 Qd3+
28. Kg2 Bc6 29. Kg1 Qe3+ 30. Kf1 Qxf3+ 31. Ke1 Qxg3+ 32. Kd1 Bxh1 33. Rxf6 Bf3+
34. Kc2 Qf2+ 35. Kc1 Qe1+ 36. Kc2 Be4+ 37. Nxe4 Qxe4+ 38. Kd1 Qg4+ 39. Kc2 Rc8+
0-1

[Event "Europa ch 2012 femenino"]
[Site "Gaziantep TUR"]
[Date "2012.03.09"]
[Round "7.21"]
[White "Borosova, Zuzana"]
[Black "Alexanian, Nelli"]
[Result "1-0"]
[WhiteElo "2302"]
[BlackElo "2114"]
[PlyCount "75"]
[EventDate "2012.03.02"]
[EventType "swiss"]
[EventRounds "11"]
[EventCountry "TUR"]
[Source "lmi"]
[SourceDate "2012.03.02"]

1. e4 e6 2. d4 d5 3. Nc3 Bb4 4. e5 c5 5. a3 Bxc3+ 6. bxc3 Ne7 7. Qg4 Qc7 8.
Qxg7 Rg8 9. Qxh7 cxd4 10. Ne2 Nbc6 11. f4 Bd7 12. Qd3 dxc3 13. Nxc3 a6 14. Ne2
Nf5 15. h3 Na5 16. g4 Nh4 17. Qh7 O-O-O 18. Qxh4 Qxc2 19. Bd2 Nb3 20. Rd1 Nc5
21. Ng3 Kb8 22. Rc1 Nd3+ 23. Bxd3 Qxd3 24. Ne2 Bb5 25. Qf2 d4 26. Rg1 Rc8 27.
Rd1 Rc2 28. Rg3 Qe4 29. Qf3 Qh7 30. Nxd4 Rd8 31. Nxb5 axb5 32. Bb4 Rxd1+ 33.
Kxd1 Rc4 34. Bd6+ Ka8 35. f5 exf5 36. gxf5 Qh6 37. Qe3 Qh5+ 38. Kd2 1-0

[Event "Europa ch 2012 femenino"]
[Site "Gaziantep TUR"]
[Date "2012.03.09"]
[Round "7.22"]
[White "Mamedjarova, Turkan"]
[Black "Olsarova, Karolina"]
[Result "0-1"]
[WhiteElo "2284"]
[BlackElo "2189"]
[PlyCount "88"]
[EventDate "2012.03.02"]
[EventType "swiss"]
[EventRounds "11"]
[EventCountry "TUR"]
[Source "lmi"]
[SourceDate "2012.03.02"]

1. e4 e5 2. Nf3 Nc6 3. Bc4 Nf6 4. d4 exd4 5. e5 d5 6. Bb5 Ne4 7. Nxd4 Bd7 8.
Bxc6 bxc6 9. O-O Bc5 10. f3 Ng5 11. f4 Ne4 12. c3 O-O 13. Nd2 Nxd2 14. Bxd2 f6
15. b4 Bb6 16. Re1 fxe5 17. Rxe5 Qf6 18. Qe2 Rae8 19. Kh1 c5 20. Nf3 cxb4 21.
cxb4 c6 22. Re1 Bc7 23. Rxe8 Rxe8 24. Ne5 Bf5 25. Bc3 Be4 26. Qh5 Rf8 27. Rf1
Bb6 28. a4 Be3 29. Qh3 d4 30. Ng4 Qe6 31. Qg3 dxc3 32. Nxe3 c2 33. f5 Qb3 34.
f6 Bg6 35. f7+ Qxf7 36. Rc1 Qb3 37. h4 Re8 38. Nf1 Qxg3 39. Nxg3 Rd8 40. Ne2
Rd1+ 41. Kh2 Bd3 42. Kg3 Kf7 43. Kf2 Ke7 44. Ke3 Kd7 0-1

[Event "Europa ch 2012 femenino"]
[Site "Gaziantep TUR"]
[Date "2012.03.09"]
[Round "7.23"]
[White "Chelushkina, Irina"]
[Black "Bezgodova, Svetlana"]
[Result "1-0"]
[WhiteElo "2263"]
[BlackElo "2109"]
[PlyCount "79"]
[EventDate "2012.03.02"]
[EventType "swiss"]
[EventRounds "11"]
[EventCountry "TUR"]
[Source "lmi"]
[SourceDate "2012.03.02"]

1. d4 d5 2. c3 c5 3. e3 e6 4. Bd3 Nc6 5. f4 Bd6 6. Nf3 Nge7 7. O-O Qc7 8. Na3
a6 9. Qe1 Bd7 10. Kh1 f6 11. dxc5 Bxc5 12. b4 Ba7 13. c4 dxc4 14. Bxc4 b5 15.
Bb3 O-O 16. Bd2 Rad8 17. Rc1 Qd6 18. Nb1 Nd5 19. Rd1 Kh8 20. a3 Nce7 21. e4 Nb6
22. Be3 Qb8 23. Bc5 Rfe8 24. e5 Ned5 25. Qh4 Rf8 26. Bxf8 Rxf8 27. exf6 Rxf6
28. Ne5 Be8 29. Rde1 Rh6 30. Qg3 Ne7 31. Qg5 Nf5 32. Bxe6 Rh5 33. Qg4 Nh6 34.
Qg3 Nc4 35. h3 Nd6 36. Qd3 Rh4 37. Nc3 g6 38. Ne4 Nhf5 39. Nxd6 Nxd6 40. Qc3
1-0